000
00222nam a22001097a 4500
082
_a
691ARO
100
_a
Arora
245
_a
A Textbook of building Construction
260
_a
India
_c
1986
300
_a
431
942
_c
BK
999
_c
14003
_d
14003